| 000 | 00666cam a2200229ua 4500 | ||
|---|---|---|---|
| 001 | 6929 | ||
| 008 | 140722n ii |||gr||||Z||||||asm | ||
| 020 | _a978-93-82976-05-9 | ||
| 040 | _cMAIN | ||
| 082 | _a371.3 | ||
| 100 |
_aSonowal, Puranjoy, _eAuthor. |
||
| 245 | 1 | 2 |
_aSikshadanar paddhati aru kausal _cby Puranjoy Sonowal |
| 250 | _a2nd ed. | ||
| 260 |
_aGolaghat: _bSaraswati prakashan, _c2013. |
||
| 300 | _a526p. | ||
| 653 | _aSchools & their activities special education | ||
| 653 | _aMethod of teaching | ||
| 653 | _aTechniques and methodology of teaching | ||
| 700 |
_aNeog, Mukunda, _eAuthor. |
||
| 700 |
_aGoswami, Lukumoni, _eAuthor. |
||
| 942 | _cBK | ||
| 999 |
_c6073 _d6073 |
||